| 000 | 00431nam a2200133Ia 4500 | ||
|---|---|---|---|
| 008 | 170221s9999 xx 000 0 und d | ||
| 100 | _aWheeler, Elizabeth | ||
| 245 | _aChanges to a CA Programme - Practitioners' Perspectives | ||
| 245 | _cElizabeth Wheeler, Mary Low, and Grant Samkin | ||
| 260 | _c2014 | ||
| 300 | _a3 : 6 | ||
| 650 | _xBusiness | ||
| 856 | _uhttp://ro.uow.edu.au/cgi/viewcontent.cgi?article=1466&context=aabfj | ||
| 999 |
_c313186 _d313186 |
||